| 000 | 00963nam a2200241 a 4500 | ||
|---|---|---|---|
| 001 | 000034996 | ||
| 005 | 20200930074033.0 | ||
| 008 | 090819s1951 ag 001 0 spa d | ||
| 040 |
_aDO-SdBNP _bspa _cBNPHU |
||
| 082 |
_a190 _bG216h |
||
| 100 | 1 |
_aWindelband, W. _960605 |
|
| 240 | 1 | 0 |
_aDie geschichte der neueren philosophte in ibrem zusammenhange mit der allgemeinen kultur und den besonderen wissenschaften _lEspañol |
| 245 | 1 | 0 |
_aHistoria de la filosofía moderna en su relación con la cultura general y las ciencias particulares / _cW. Windelband ; traducción del alemán por Elsa Tabernig. |
| 260 |
_aBueno Aires : _bNova, _c1951. |
||
| 300 |
_a2v ; _c23 cm. |
||
| 490 | 1 | _aLa vida del espiritu | |
| 500 | _aLa biblioteca posee v.1 | ||
| 500 | _aTraducido del alemán | ||
| 650 | 4 |
_aFilosofía moderna _xHistoria _935996 |
|
| 700 | 1 | 2 |
_aTabernig, Elsa _etr. _98755 |
| 830 | 0 |
_aLa vida del espiritu _98693 |
|
| 910 | _aValidado. Control de calidad MFF | ||
| 999 |
_c34487 _d34487 |
||